[Event "Nancy Meurthe rapid"]
[Site "Nancy"]
[Date "2017.02.19"]
[Round "1"]
[White "Fridman, Daniel"]
[Black "Damand, Andre"]
[Result "1-0"]
[WhiteElo "2594"]
[BlackElo "1442"]
[PlyCount "49"]
[EventDate "2017.02.19"]
[EventType "swiss (rapid)"]
[EventRounds "9"]
[EventCountry "FRA"]
[SourceTitle "CBM 176 Extra"]
[Source "ChessBase"]
[SourceDate "2017.03.02"]
[SourceVersion "1"]
[SourceVersionDate "2017.03.02"]
[SourceQuality "1"]

1. Nf3 c5 2. g3 Nc6 3. Bg2 Nf6 4. 0-0 d5 5. d4 cxd4 6. Nxd4 e5 7. Nxc6 bxc6 8. c4 e4 9. Nc3 Bf5 10. Qa4 Qd7 11. Bg5 Be7 12. Rfd1 0-0 13. cxd5 cxd5 14. Qxd7 Bxd7 15. Nxd5 Nxd5 16. Bxe7 Nxe7 17. Rxd7 Ng6 18. Bxe4 Rfe8 19. Bxa8 Rxa8 20. Rad1 h6 21. Rd8+ Rxd8 22. Rxd8+ Kh7 23. Rd7 Ne5 24. Rxa7 f6 25. b4 1-0

[Event "Saarland-ch B 89th"]
[Site "Stennweiler"]
[Date "2014.04.16"]
[Round "6"]
[White "Trienens, Thomas"]
[Black "Damand, Andre"]
[Result "1-0"]
[WhiteElo "1437"]
[BlackElo "1362"]
[PlyCount "51"]
[EventDate "2014.04.11"]
[EventType "swiss"]
[EventRounds "9"]
[EventCountry "GER"]
[SourceTitle "EXT 2016"]
[Source "ChessBase"]
[SourceDate "2015.10.08"]
[SourceVersion "1"]
[SourceVersionDate "2015.10.08"]
[SourceQuality "1"]

1. d4 e5 2. dxe5 Nc6 3. Nf3 Qe7 4. Nc3 Nxe5 5. e4 c6 6. Be2 Nxf3+ 7. Bxf3 d6 8. 0-0 Be6 9. Bf4 Nf6 10. e5 Nd5 11. Nxd5 cxd5 12. exd6 Qd7 13. Bxd5 0-0-0 14. Bxe6 fxe6 15. Qd4 Kb8 16. Rad1 Rg8 17. c4 g6 18. Be5 Bg7 19. Bxg7 Rxg7 20. c5 Rdg8 21. Rfe1 h5 22. Re3 g5 23. Rde1 Qb5 24. Rxe6 g4 25. Qxg7 Rd8 26. Qc7+ 1-0